000 00600nam a22002057a 4500
003 DO-SdBNP
005 20170714145256.0
008 170714b2005 ch| 00| 0 spa d
020 _a846750434X
040 _aBPMSU
_bspa
_cBPMSU
100 _aEgan, Vicky
245 _aLuisa la elefanta /
_cVicky Egan ;Traducción Marisa Rodríguez; ilustración Daniela de Luca
260 _aChina :
_bEdicones SM
_c 2005
300 _a27 p. :
_bil. ;
_c23 cm.
490 _aCuentos para aprencer
700 _4
830 _aCuentos para aprencer
942 _2ddc
_cBK
956 _aVMATEO
_b10
_c20170714
_dBPMSU
_f0069
999 _c12591
_d12591